Historia de las guerras carlistas / (Record no. 130678)

MARC details
000 -LEADER
campo de control de longitud fija 01080nam a2200313 i 4500
001 - NÚMERO DE CONTROL
campo de control 130678
003 - IDENTIFICADOR DE NÚMERO DE CONTROL
campo de control ES-MaACL
005 - FECHA Y HORA DE LA ÚLTIMA TRANSACCIÓN
campo de control 20231026145743.0
007 - CAMPO FIJO DE DESCRIPCIÓN FÍSICA--INFORMACIÓN GENERAL
campo de control de longitud fija t|
008 - DATOS DE LONGITUD FIJA--INFORMACIÓN GENERAL
campo de control de longitud fija 070806m19791980sp |||| | spa d
020 ## - NÚMERO INTERNACIONAL ESTÁNDAR DEL LIBRO
Número Internacional Estándar del Libro 84-7407-070-8 (v. 1)
020 ## - NÚMERO INTERNACIONAL ESTÁNDAR DEL LIBRO
Número Internacional Estándar del Libro 84-7407-076-7 (v. 2)
080 ## - NÚMERO DE LA CLASIFICACIÓN DECIMAL UNIVERSAL
Número de la Clasificación Decimal Universal 94(460)"1833/76"
100 1# - ENTRADA PRINCIPAL--NOMBRE DE PERSONA
Nombre de persona Extramiana, José.
9 (RLIN) 48431
245 10 - MENCIÓN DEL TÍTULO
Título Historia de las guerras carlistas /
Mención de responsabilidad, etc. José Extramiana.
260 ## - PUBLICACIÓN, DISTRIBUCIÓN, ETC.
Lugar de publicación, distribución, etc. San Sebastián :
Nombre del editor, distribuidor, etc. L. Haranburu,
Fecha de publicación, distribución, etc. 1979 -[1980]
300 ## - DESCRIPCIÓN FÍSICA
Extensión 2 v. (436, 537 p.) ;
Dimensiones 21 cm.
490 1# - MENCIÓN DE SERIE
Mención de serie Euskal historia ;
Designación de volumen o secuencia 6, 7
500 ## - NOTA GENERAL
Nota general Cronología.
500 ## - NOTA GENERAL
Nota general Índices.
504 ## - NOTA DE BIBLIOGRAFÍA, ETC.
Nota de bibliografía, etc. Bibliografía: p. 523-537 (v. 2)
651 #4 - PUNTO DE ACCESO ADICIONAL DE MATERIA--NOMBRE GEOGRÁFICO
Nombre geográfico España-
Subdivisión general Historia-
Subdivisión cronológica 1833-1876, Guerras carlistas.
9 (RLIN) 8253
830 0# - PUNTO DE ACCESO ADICIONAL DE SERIE-TÍTULO UNIFORME
Título uniforme Euskal historia ;
Designación de volumen o secuencia 6, 7
9 (RLIN) 219496
852 ## - LOCALIZACIÓN
Ubicación ES-MaACL
itemnumber 135443
Número de control de estantería E-11898
Ubicación en estantería Depósito 2
Encuadernación Legado: Jacinto Martínez Lacalle
852 ## - LOCALIZACIÓN
Ubicación ES-MaACL
itemnumber 135442
Número de control de estantería L-30989
Ubicación en estantería Depósito 2
Encuadernación Legado: Jacinto Martínez Lacalle
903 ## - NOMBRE PERSONAL DE DONANTE
9 139376
a Martínez Lacalle, Jacinto
e Donante
q 1
942 ## - ELEMENTOS DE ENTRADA SECUNDARIOS (KOHA)
Fuente del sistema de clasificación o colocación Clasificación decimal universal
Holdings
Estatus retirado Estado de pérdida Fuente del sistema de clasificación o colocación Estado de daño No para préstamo Biblioteca de origen Biblioteca actual Ubicación en estantería Fecha de adquisición Fuente de adquisición Total de préstamos Signatura topográfica completa Código de barras Visto por última vez Precio de reemplazo Tipo de ítem Koha
    Clasificación decimal universal     Biblioteca del Ateneo de Madrid Biblioteca del Ateneo de Madrid Depósito 2 05/12/2016 Legado   L-30989 1196785 23/02/2023 23/02/2023 Libro impreso
    Clasificación decimal universal     Biblioteca del Ateneo de Madrid Biblioteca del Ateneo de Madrid Depósito 2 17/01/2008 Legado   E-11898 1136058 23/02/2023 23/02/2023 Libro impreso